000
00231nam a2200097Ia 4500
001
691098
005
20250826161828.0
008
250824s9999 xx 000 0 und d
245
0
_a
KIYIDAKİ KALE
_c
LUCY STRANGE
260
_b
HEP KİTAP
999
_c
691098
_d
691098